[Event "CZE-ch U16 Girls"]
[Site "Kouty nad Desnou"]
[Date "2020.03.09"]
[Round "4"]
[White "Habinova, Alice"]
[Black "Vsetulova, Viktorie"]
[Result "0-1"]
[WhiteElo "1474"]
[BlackElo "1334"]
[PlyCount "58"]
[EventDate "2020.03.07"]
[EventType "swiss"]
[EventRounds "7"]
[EventCountry "CZE"]
[SourceTitle "CBM 195 Extra"]
[Source "ChessBase"]
[SourceDate "2020.05.31"]
[SourceVersion "1"]
[SourceVersionDate "2020.05.31"]
[SourceQuality "1"]

1. e4 d5 2. exd5 Nf6 3. Bb5+ Bd7 4. Bc4 Bg4 5. f3 Bf5 6. Nc3 Nbd7 7. Nge2 Nb6 8. Bb3 Nbxd5 9. d4 e6 10. 0-0 Be7 11. Bd2 0-0 12. Ng3 Bg6 13. Nce4 c6 14. Qe2 Qc7 15. Rad1 c5 16. c3 Rfd8 17. f4 Nxe4 18. Nxe4 Nf6 19. Nxf6+ Bxf6 20. dxc5 Bd3 21. Qf3 Bxf1 22. Kxf1 Rd7 23. f5 exf5 24. Qxf5 Rad8 25. Qf2 Qxh2 26. Ba4 Qh1+ 27. Ke2 Re7+ 28. Be3 Rxd1 29. Bxd1 Bg5 0-1

[Event "Morava-ch U14"]
[Site "Loucna nad Desnou"]
[Date "2017.10.25"]
[Round "2"]
[White "Vsetulova, Viktorie"]
[Black "Blaha, Marek"]
[Result "0-1"]
[WhiteElo "1361"]
[BlackElo "1722"]
[PlyCount "60"]
[EventDate "2017.10.24"]
[EventType "swiss"]
[EventRounds "9"]
[EventCountry "CZE"]
[SourceTitle "EXT 2020"]
[Source "ChessBase"]
[SourceDate "2019.10.17"]
[SourceVersion "1"]
[SourceVersionDate "2019.10.17"]
[SourceQuality "1"]

1. e4 e5 2. d4 exd4 3. c3 dxc3 4. Bc4 Qf6 5. Nxc3 Bb4 6. Qb3 Bxc3+ 7. bxc3 Nc6 8. Bd5 Nge7 9. Nf3 Nxd5 10. exd5 Ne5 11. Nxe5 Qxe5+ 12. Be3 0-0 13. 0-0 d6 14. Rfe1 Qf5 15. Bd4 b6 16. c4 Bd7 17. Re3 Rae8 18. Rg3 f6 19. Be3 Rf7 20. Re1 Rfe7 21. Qc3 Kf7 22. Qd2 Re4 23. Rf1 Rxc4 24. Qe2 Qxd5 25. Rd1 Qb5 26. Qd3 Bf5 27. Qe2 Rc1 28. Qe1 Rxd1 29. Qxd1 Qb1 30. Bc1 Qxa2 0-1

[Event "CZE-ch U14 Girls"]
[Site "Kouty nad Desnou"]
[Date "2017.03.13"]
[Round "4"]
[White "Vsetulova, Viktorie"]
[Black "Pilna, Jitka"]
[Result "0-1"]
[WhiteElo "1348"]
[BlackElo "1336"]
[PlyCount "38"]
[EventDate "2017.03.11"]
[EventType "swiss"]
[EventRounds "9"]
[EventCountry "CZE"]
[SourceTitle "CBM 177 Extra"]
[Source "ChessBase"]
[SourceDate "2017.04.27"]
[SourceVersion "1"]
[SourceVersionDate "2017.04.27"]
[SourceQuality "1"]

1. e4 e5 2. Nc3 Nc6 3. Bc4 Bc5 4. d3 h6 5. Be3 Bb6 6. Nge2 Nf6 7. Qd2 d6 8. 0-0-0 Ng4 9. Nd5 Bxe3 10. Nxe3 Nxf2 11. Nc3 Nxh1 12. Rxh1 f6 13. Qe2 g6 14. Qf2 Nd4 15. Ned5 f5 16. Qg3 g5 17. Qh3 h5 18. exf5 Nxf5 19. Rf1 g4 0-1

[Event "CZE-ch U14 Girls"]
[Site "Kouty nad Desnou"]
[Date "2017.03.12"]
[Round "2"]
[White "Vsetulova, Viktorie"]
[Black "Holaskova, Veronika"]
[Result "0-1"]
[WhiteElo "1348"]
[BlackElo "1208"]
[PlyCount "72"]
[EventDate "2017.03.11"]
[EventType "swiss"]
[EventRounds "9"]
[EventCountry "CZE"]
[SourceTitle "CBM 177 Extra"]
[Source "ChessBase"]
[SourceDate "2017.04.27"]
[SourceVersion "1"]
[SourceVersionDate "2017.04.27"]
[SourceQuality "1"]

1. e4 e5 2. Nf3 Nc6 3. Bc4 Nf6 4. d3 Bc5 5. Nc3 d6 6. Bg5 Be6 7. Nd5 Bxd5 8. Bxd5 Qe7 9. Qd2 h6 10. Bh4 g5 11. Bg3 Nxd5 12. exd5 Nd4 13. 0-0-0 0-0-0 14. Nxd4 Bxd4 15. Qb4 f5 16. f3 Be3+ 17. Kb1 f4 18. Be1 h5 19. h4 g4 20. fxg4 hxg4 21. h5 g3 22. Bc3 Qg5 23. Qe4 Rxh5 24. d4 Rdh8 25. Rxh5 Qxh5 26. Re1 Re8 27. dxe5 Bf2 28. Rf1 f3 29. Bd4 Bxd4 30. Qxd4 fxg2 31. Rg1 Qxe5 32. Qg4+ Kb8 33. a3 Qe3 34. Rxg2 Qe5 35. Rxg3 Qxd5 36. Qg6 Re1# 0-1

[Event "CZE-ch U12 Girls"]
[Site "Kouty nad Desnou"]
[Date "2015.03.14"]
[Round "9"]
[White "Vsetulova, Viktorie"]
[Black "Pavlickova, Tereza"]
[Result "1-0"]
[WhiteElo "1393"]
[BlackElo "1100"]
[PlyCount "41"]
[EventDate "2015.03.07"]
[EventType "swiss"]
[EventRounds "9"]
[EventCountry "CZE"]
[SourceTitle "EXT 2017"]
[Source "ChessBase"]
[SourceDate "2016.10.25"]
[SourceVersion "1"]
[SourceVersionDate "2016.10.25"]
[SourceQuality "1"]

1. e4 e5 2. Nf3 Nc6 3. Bc4 h6 4. d4 d6 5. Nc3 Bg4 6. Be3 Nf6 7. Qd2 Bxf3 8. gxf3 Be7 9. 0-0-0 0-0 10. Bxh6 gxh6 11. Rdg1+ Ng4 12. Qe2 Kh7 13. Rxg4 Rg8 14. Bxf7 Rxg4 15. fxg4 exd4 16. Nd5 Bg5+ 17. f4 Bh4 18. g5 hxg5 19. Qh5+ Kg7 20. Qg6+ Kf8 21. Qg8# 1-0

[Event "CZE-ch U12 Girls"]
[Site "Kouty nad Desnou"]
[Date "2015.03.09"]
[Round "3"]
[White "Vsetulova, Viktorie"]
[Black "Beranova, Karin"]
[Result "1-0"]
[WhiteElo "1393"]
[BlackElo "1436"]
[PlyCount "131"]
[EventDate "2015.03.07"]
[EventType "swiss"]
[EventRounds "9"]
[EventCountry "CZE"]
[SourceTitle "EXT 2017"]
[Source "ChessBase"]
[SourceDate "2016.10.25"]
[SourceVersion "1"]
[SourceVersionDate "2016.10.25"]
[SourceQuality "1"]

1. e4 e5 2. Nf3 Nc6 3. Bc4 Nf6 4. d3 g6 5. Nc3 Bg7 6. Bg5 d6 7. Nd5 Be6 8. c3 Na5 9. Qa4+ Nc6 10. d4 0-0 11. Nxf6+ Bxf6 12. Bxf6 Qxf6 13. d5 Qf4 14. 0-0 Bh3 15. gxh3 Qxf3 16. dxc6 Qxh3 17. Be2 bxc6 18. Qxc6 Qh4 19. Qd7 Qxe4 20. Qg4 Qc2 21. Rab1 Rab8 22. Rfc1 Qd2 23. Rd1 Qf4 24. Qxf4 exf4 25. b4 Rfe8 26. Bf3 Rb5 27. Rd5 Rxd5 28. Bxd5 Re2 29. a4 Rd2 30. c4 Rd4 31. a5 f3 32. b5 Rg4+ 33. Kh1 Kg7 34. b6 axb6 35. axb6 cxb6 36. Rxb6 Rd4 37. Rb1 Kf6 38. Rc1 h5 39. Bxf3 Rf4 40. Kg2 Ke5 41. c5 dxc5 42. Rxc5+ Kf6 43. Kg3 Ra4 44. Rc6+ Kg7 45. Bd5 Rg4+ 46. Kf3 Rd4 47. Rd6 g5 48. Rd7 Rf4+ 49. Ke3 Kf8 50. Bb3 Ke8 51. Rc7 Kf8 52. Rc5 f6 53. Rc4 Rxc4 54. Bxc4 Ke7 55. Ke4 Kf8 56. Kf5 Kg7 57. Bg8 h4 58. Be6 Kh6 59. Kxf6 Kh5 60. h3 g4 61. hxg4+ Kh6 62. g5+ Kh7 63. g6+ Kh6 64. g7 h3 65. g8Q h2 66. Qh8# 1-0

[Event "CZE-ch U10 Girls"]
[Site "Kouty nad Desnou"]
[Date "2014.03.13"]
[Round "7"]
[White "Ruzickova, Ema"]
[Black "Vsetulova, Viktorie"]
[Result "0-1"]
[WhiteElo "1116"]
[BlackElo "1241"]
[PlyCount "120"]
[EventDate "2014.03.08"]
[EventType "swiss"]
[EventRounds "9"]
[EventCountry "CZE"]
[SourceTitle "EXT 2015"]
[Source "ChessBase"]
[SourceDate "2014.11.20"]
[SourceVersion "1"]
[SourceVersionDate "2014.11.20"]
[SourceQuality "1"]

1. e4 e5 2. Nf3 Nc6 3. Nc3 Nf6 4. Bb5 d6 5. d3 Be7 6. 0-0 Bg4 7. Bxc6+ bxc6 8. Bg5 0-0 9. Qe2 d5 10. Bxf6 Bxf6 11. Rad1 Re8 12. Rde1 Qd6 13. Qe3 d4 14. Qe2 dxc3 15. bxc3 Rad8 16. Qe3 c5 17. c4 Re6 18. Ng5 Bxg5 19. Qxg5 Rg6 20. Qh4 Bf3 21. g3 Rh6 22. Qg5 Rh5 23. Qe3 Qf6 24. g4 Rxh2 25. Qxf3 Qxf3 26. Kxh2 Rd6 27. g5 Qh5+ 28. Kg3 Qxg5+ 29. Kf3 Qf4+ 30. Ke2 Rf6 31. f3 Rh6 32. Rf2 Rh2 33. Kf1 Rxf2+ 34. Kxf2 Qh2+ 35. Kf1 Qg3 36. Ke2 Qg2+ 37. Ke3 h5 38. Re2 Qg1+ 39. Kd2 h4 40. Re1 Qg2+ 41. Re2 Qg5+ 42. Kd1 h3 43. Re1 h2 44. Ke2 Qg2+ 45. Ke3 h1Q 46. Rxh1 Qxh1 47. f4 exf4+ 48. Kxf4 Qh5 49. e5 f6 50. e6 Qe5+ 51. Kg4 Qxe6+ 52. Kf4 Qe5+ 53. Kg4 g6 54. Kh4 Qg5+ 55. Kh3 Kf7 56. a4 Ke6 57. a5 Kf5 58. Kh2 Kf4 59. Kh1 Kf3 60. Kh2 Qg2# 0-1